Rappers that have beef with Drake - Statistics

General Stats
  • This quiz has been taken 164 times
  • The average score is 7 of 20
Answer Stats
Reason Musician % Correct
Issues with Drake sneak dissing, ghostwriting, poor parenting, "colonialism", alleged PDF Kendrick Lamar
99%
Sneak dissing, alleged relationship with the same woman, Drake collaboration with 21 Savage Future
62%
Beefed with Lil Wayne, accused Drake of blackface, ghostwriting, revealed his child Pusha T
61%
Said Drake is overplayed, produced an album by another person on this list Kanye West
60%
Alleged personal issue between him and Drake Metro Boomin
52%
Drake said he "discovered" him, he also refused to sign to OVO The Weeknd
47%
General dislike for Drake, in particular his biracial background Rick Ross
46%
Issues with sneak dissing, husband of above and thus felt disrespected by Drake's comments ASAP Rocky
44%
Drake ghostwriting Meek Mill
37%
Drake supposedly stealing his flows, saying that if anyone murders him, it's Drake XXXTentacion
37%
Former girlfriend of Drake, constant target of Drake's upset feelings Rihanna
34%
Drake stealing flows Soulja Boy
21%
Both's relationships with aforementioned former girlfriend, violent altercation at a nightclub Chris Brown
20%
Drake refusing to ghostwriting for him, altercation at a nightclub P. Diddy
18%
Statements that he hated Drake as a person, they were only forced together by label Tyga
11%
Belief that Drake's music lacks depth and substance Joe Budden
10%
Close association with #1 Jay Rock
9%
Has alleged ties to Bloods gang members with ties to #1, refused to clear sample for Drake Playboi Carti
9%
Belief that Drake makes pop music, not hip-hop Mos Def
7%
No one knows, not even himself JPEGMafia
5%
No matching quizzes found
Score Distribution
Percent of People with Each Score
Percentile by Number Answered
Your Score History
You have not taken this quiz